1278 1965 1923 1172 1162 1820 1320 1483 1165 1111 1391 1322 1987 1467 1526 1606 1768 1541 1944 1025 1720 1078 1152 1120 1984 1949 1298 1997 1071 1297 1073 1402 1473 1531 1657 1523 1403 1417 1162 1873 1769 1520 1091 1352 1981 1760 1552 1895 1105 1443 1983 1138 1567 1941 1092 1874 1634 1929 1910 1888 1931 1943 1810 1509 1262 1677 1918 1631 1370 1212 1385 1324 1479 1745 1535 1278 1280 1949 1058 1005 1409 1567 1497 1810 1769 1330 1108 1172 1908 1977 1549 1908 1476 1920 1313 1857 1607 1047 1622 BCNSPRNW ULIB Ver.6.0+V

เปลี่ยนเป็นภาษาไทย

Change to English
 แสดงรายละเอียดบรรณานุกรม
  กลับหน้าหลัก

Brief Record : Get Marc (ISO 2709) : E-mail record : QR code < ปิดหน้าต่าง
LEADER : 00000nam 2200000uu 4500
001    13399114305
003     ULIB
008    120321s2553||||th 000 0 tha d
020    ^a9786165000512
090    ^aนว.^bก832ม 2553
100 0  ^aเก้าแต้ม
245 00 ^aมายาร้อยใจ/^cเก้าแต้ม
250    ^aพิมพ์ครั้งที่ 2
260    ^aกรุงเทพฯ :^bพิมพ์คำ,^c2553
300    ^a413 หน้า
710 1  ^aพิมพ์คำ
945    ^p260^l0^i16994
995    ^aกัณชพร
999    ^aใช้งานได้ทุกระบบ
รายการนี้ยังไม่มีแท็ก
คุณยังไม่ได้ล็อกอิน คุณสามารถมีกิจกรรมร่วมกับเว็บไซต์ได้ แต่ต้องล็อกอินก่อน ::
  ล็อกอิน

รายการสื่อสารสนเทศ

ลำดับที่ ประเภท เลขเรียก/บาร์โค้ด สถานที่ สถานะ
1. วิทยาศาสตร์การแพทย์ และสุขภาพ
วิทยาศาสตร์การแพทย์ และสุขภาพ
นว. ก832ม 2553  
  Barcode: 16994
ห้องสมุดวิทยาเขตสวรรค์ประชารักษ์
►นวนิยาย
บนชั้น
  ขอยืม

รายการใกล้เคียง
    ผู้แต่ง [เก้าแต้ม]

BibComment


ยังไม่เคยถูกคอมเมนท์

คอมเมนท์ทรัพยากรรายการนี้
  คอมเมนท์: มายาร้อยใจ เก้าแ..


 Copyright 2026. Bcnsprnw @Library